Administración de recursos humanos (Registro nro. 26246)
[ vista simple ]
| 000 -CABECERA | |
|---|---|
| Longitud fija campo de control | 00808nam a2200229 a 4500 |
| 003 - IDENTIFICADOR DELl NÚMERO DE CONTROL | |
| Identificador del número de control | OSt |
| 005 - FECHA Y HORA DE LA ÚLTIMA TRANSACCIÓN | |
| Fecha y hora de la última transacción | 20161206151114.0 |
| 008 - CÓDIGOS DE INFORMACIÓN DE LONGITUD FIJA | |
| Códigos de información de longitud fija | 020226s2000 esp 000 0 spa d |
| 020 ## - NÚMERO INTERNACIONAL NORMALIZADO PARA LIBROS | |
| Número Internacional Normalizado para Libros (ISBN) | 978-607-15-0560-6 |
| 040 ## - FUENTE DE LA CATALOGACIÓN | |
| Centro transcriptor | CRI |
| Centro catalogador de origen | BMC |
| 082 ## - NÚMERO DE LA CLASIFICACIÓN DECIMAL DEWEY | |
| Númeroo de clasificación | 658.3 |
| 100 1# - PUNTO DE ACCESO PRINCIPAL-NOMBRE DE PERSONA | |
| Nombre de persona | Chiavenato, Idalberto |
| 9 (RLIN) | 8388 |
| 245 10 - MENCIÓN DE TÍTULO | |
| Título | Administración de recursos humanos |
| Resto del título | : el capital humano de las organizaciones |
| Mención de responsabilidad, etc. | Idalberto Chiavenato; revisión técnica, Margarita Bárcenas Salas ; María Magdalena Salame aguilar |
| 250 ## - MENCIÓN DE EDICIÓN | |
| Mención de edición | 9ª ed |
| 260 ## - PUBLICACIÓN, DISTRIBUCIÓN, ETC. (PIE DE IMPRENTA) | |
| Lugar de publicación, distribución, etc. | México D.F. [etc.] |
| Nombre del editor, distribuidor, etc. | McGraw-Hill |
| Fecha de publicación, distribución, etc. | 2011 |
| 300 ## - DESCRIPCIÓN FÍSICA | |
| Extensión | XIII, 421 p. |
| Dimensiones | 26 cm |
| 500 ## - NOTA GENERAL | |
| Nota general | Índice: p. [IX] |
| 650 24 - PUNTO DE ACCESO ADICIONAL DE MATERIA - TÉRMINO DE MATERIA | |
| Término de materia o nombre geográfico como elemento inicial | Gestión de recursos humanos |
| 9 (RLIN) | 5702 |
| 700 1# - PUNTO DE ACCESO ADICIONAL - NOMBRE DE PERSONA | |
| 9 (RLIN) | 26550 |
| Nombre de persona | Bárcenas Salas, Margarita |
| 700 1# - PUNTO DE ACCESO ADICIONAL - NOMBRE DE PERSONA | |
| 9 (RLIN) | 40157 |
| Nombre de persona | Salame Aguilar, María Magdalena |
| 942 ## - ENTRADA DE ELEMENTOS AGREGADOS (KOHA) | |
| Fuente de clasificaión o esquema | Dewey Decimal Classification |
| Koha [por defecto] tipo de item | 1- Monografias |
| Suprimido | Perdido | Fuente de clasificación o esquema | Estropeado | Restricciones de uso | No para préstamo | Código de colección | Localización permanente | Localización actual | Localización en estanter&íacute;as | Fecha adquisición | Fuente de adquisición | Número de inventario | Préstamos totales | Signatura completa | Código de barras | Fecha última consulta | Fecha último préstamo | Fecha del precio de reemplazo | Tipo de item de Koha | Renovaciones totales | Coste, precio reemplazado |
|---|---|---|---|---|---|---|---|---|---|---|---|---|---|---|---|---|---|---|---|---|---|
| NULL | NULL | Dewey Decimal Classification | NULL | Prestable | NULL | NULL | Biblioteca Centro Regional de Ilobasco | Biblioteca Centro Regional de Ilobasco | Sala Principal | 10/10/2016 | CRI | LI002321 | 2 | 658.3 CHI adm | 1038933 | 30/05/2019 | 24/05/2019 | 17/10/2016 | 1- Monografias | ||
| NULL | NULL | Dewey Decimal Classification | NULL | Prestable | NULL | NULL | Biblioteca Centro Regional de Ilobasco | Biblioteca Centro Regional de Ilobasco | Sala Principal | 10/10/2016 | CRI | LI002322 | 1 | 658.3 CHI adm | 1038934 | 06/06/2019 | 28/05/2019 | 17/10/2016 | 1- Monografias | ||
| NULL | NULL | Dewey Decimal Classification | NULL | Prestable | NULL | NULL | Biblioteca Centro Regional de Ilobasco | Biblioteca Centro Regional de Ilobasco | Sala Principal | 10/10/2016 | CRI | LI002323 | 1 | 658.3 CHI adm | 1038935 | 18/07/2017 | 14/07/2017 | 17/10/2016 | 1- Monografias | 1 | |
| NULL | NULL | Dewey Decimal Classification | NULL | Prestable | NULL | NULL | Biblioteca Miguel de Cervantes - UNICAES | Biblioteca Miguel de Cervantes - UNICAES | Sala Principal | 29/11/2016 | Donación - Facultad de Ingenieria y Arquitectura | 032785 | 15 | 658.3 CHI adm | 1039973 | 13/11/2019 | 04/11/2019 | 02/12/2016 | 1- Monografias | 2 | 43.00 |
| NULL | NULL | Dewey Decimal Classification | NULL | Prestable | NULL | NULL | Biblioteca Miguel de Cervantes - UNICAES | Biblioteca Miguel de Cervantes - UNICAES | Sala Principal | 29/11/2016 | Donación - Facultad de Ingenieria y Arquitectura | 032786 | 13 | 658.3 CHI adm | 1039974 | 06/02/2023 | 02/02/2023 | 02/12/2016 | 1- Monografias | 3 | 43.00 |